00633cam a22002292 4500001001100000005001700011008004100028020001500069040001500084100003100099245007100130250001300201260003100214300002000245650004000265650004800305650003800353852000300391852000300394852000300397852000300400000002152120151217152234.0120710s xx 000 0 eng d a0198251580 aKABUcKABU1 aBrownlie, Ian.@000017841410aInternational law and the use of force by states /c Ian Brownlie. a1st ed. aOxford :bO. U. P.,c1963. axxviii, 532 p. 0aWar (International law)@0000178607 0aAggression (International law0.@0000182430 0aCrimes against peace.@00001824311 1 1 1